000 00497nam a22001577a 4500
005 20250214084940.0
008 250214b |||||||| |||| 00| 0 eng d
010 _aBJ283.K89L3
020 _a0888150709
100 _aLangley, Mckendree R.
245 _aThe practice of political sprituality :
_bEpisodes from the public career of Abraham Kuyper /
_cMckendree R. Langley.
260 _aCanada:
_bPaideia press,
_c1984.
300 _a179p.
_c21cm.
500 _3include bibliographical note
942 _2ddc
999 _c65
_d65